01220nam a2200193 a 4500001001000000005001700010008004100027041000800068044000700076084002100083100002800104245059600132260003800728300003200766500006800798500008200866700003300948700004500981BRCA_874920190320210407.0100317s1784----sp-#######---#000-0#spa-# aspa asp aBE112b.P68 17841 aPouget, Francisco Amado10aInstrucciones generales en forma de catecismoben las quales, por la sagrada escritura y tradición, se explica en compendio la historia y los dogmas de la religión, la moral christiana, los sacramentos, la oración, las ceremonias y usos de la iglesiacPor el P. Francisco Amado Poguet, Presbítero del Oratorio, Doctor de la Soborna y Abad de Chambon; Traducidas ahora nuevamente en Castellano sobre la Edición original del 1702, con acuerdo del Excmo. Sr. D. Francisco Antonio Lorenzana, Arzobispo de Toledo, Primado de las Españas: po D. Francisco Antonio de Escartin y Carrea. aMadridbEn la Imprenta Realc1784 a415 p. (t.2)c20 x 14.3 cm. aContiene: con dos catecismos abreviados para uso de los niños aEstado físico: presenta encuadernación en pergamino, con lomo desprendido1 aLorenzana, Francisco Antonio1 aEscartin y Carrera, Francisco Antonio de